भरतकाम डिझाइ्रन्स. (Record no. 782325)

MARC details
000 -LEADER
fixed length control field 00704nam a2200181Ia 4500
008 - FIXED-LENGTH DATA ELEMENTS--GENERAL INFORMATION
fixed length control field 100921s9999 xx 000 0 und d
082 ## - DEWEY DECIMAL CLASSIFICATION NUMBER
Item number 33212
Classification number 745.5 0
100 ## - MAIN ENTRY--PERSONAL NAME
Personal name मिस्त्री निर्मला सी.
245 ## - TITLE STATEMENT
Title भरतकाम डिझाइ्रन्स.
260 ## - PUBLICATION, DISTRIBUTION, ETC. (IMPRINT)
Name of publisher, distributor, etc नवनीत प्रकाशन, अहमदाबाद.
Date of publication, distribution, etc 0
300 ## - PHYSICAL DESCRIPTION
Extent 135
Other physical details शिदोरे श्रीकृष्ण.
365 ## - TRADE PRICE
Price amount 60
520 ## - SUMMARY, ETC.
Summary, etc कला-हस्तकला.
630 ## - SUBJECT ADDED ENTRY--UNIFORM TITLE
Uniform title भरतकाम डिझाइ्रन्स.
650 ## - SUBJECT ADDED ENTRY--TOPICAL TERM
Topical term or geographic name as entry element कला-हस्तकला.
730 ## - ADDED ENTRY--UNIFORM TITLE
Uniform title भरतकाम डिझाइ्रन्स.
942 ## - ADDED ENTRY ELEMENTS (KOHA)
Koha item type Book
Holdings
Withdrawn status Lost status Damaged status Not for loan Home library Current library Shelving location Date acquired Cost, normal purchase price Total Checkouts Barcode Date last seen Price effective from Koha item type Public note
        Lo. Tilak Granthasangrahalaya, Wai Lo. Tilak Granthasangrahalaya, Wai     60.00   WAITILAKGS-33212 09/21/2010 09/21/2010 Book देवघेव